• 首页
  • 本馆介绍
  • 公告通知
  • 最新文献
  • 馆藏检索
  • 电子资源
  • 读者导购
  • 参考咨询
  • 我的图书馆
  • 登录
  • 详细信息显示
  • 放入我的书架
  • 预约/预借图书
  • 作者相关作品
  • 分类相关作品
  • 丛书相关作品
  • 出版社相关作品

书目信息

  • 表格格式
  • 工作单格式
  • 卡片格式
题名:
旅游政策法规
    
 
作者: 李强 主编
分册:  
出版信息: 北京   北京师范大学出版社  2010.09
页数: 195页
开本: 26cm
丛书名:
单 册:
中图分类: F592.0 , D922.296.1
科图分类:
主题词: 旅游业--方针政策--中国--职业高中--教材 , 旅游业--法规--中国--职业高中--教材 , 旅游业 , 方针政策 , 法规
电子资源:
ISBN: 978-7-303-11047-6
000 00987nam0 2200313 450
001 0120141296543
005 20140611154124.35
010    @a978-7-303-11047-6@dCNY22.00
100    @a20140514d2010 em y0chiy0110 ea
101 0  @achi
102    @aCN@b110000
105    @aak z 000yy
106    @ar
200 1  @a旅游政策法规@9lu^ you zheng ce fa gui@f李强主编
210    @a北京@c北京师范大学出版社@d2010.09
215    @a195页@c图@d26cm
300    @a中国烹饪协会系列规划教材 中等职业学校旅游烹饪类专业“项目课程”教材
330    @a本书内容包括:旅游政策与法规基础;旅游合同法规制度;旅行社管理法规制度;导游人员管理法规制度等。
333    @a中专
606 0  @a旅游业@x方针政策@y中国@x职业高中@j教材
606 0  @a旅游业@x法规@y中国@x职业高中@j教材
606 0  @a旅游业
606 0  @a方针政策
606 0  @a法规
690    @aF592.0@v5
690    @aD922.296.1@v5
701  0 @a李强@9li qiang@4主编
801  0 @aCN@b人天书店@c20140514
905    @b548667-69@dF592.0@e412@f3
    
    旅游政策法规/李强主编.-北京:北京师范大学出版社,2010.09
    195页:图;26cm
    中国烹饪协会系列规划教材 中等职业学校旅游烹饪类专业“项目课程”教材.-使用对象:中专
    
    ISBN 978-7-303-11047-6:CNY22.00
    本书内容包括:旅游政策与法规基础;旅游合同法规制度;旅行社管理法规制度;导游人员管理法规制度等。
●
相关链接 在E读中查询图书 在五车中查询图书 在当当中查询图书 在豆瓣中查询图书


正题名:旅游政策法规     索取号:F592.0/412         预约/预借

序号 登录号 条形码 馆藏地/架位号 状态 备注
1 548667   205486678   第一样本阅览室/ [索取号:F592.0/412] 在馆    
2 548668   205486687   第一借阅区/ [索取号:F592.0/412] 在馆    
3 548669   205486696   第一借阅区/ [索取号:F592.0/412] 在馆    
唐山师范学院图书馆 欢迎您!
大连网信软件有限公司© 版权所有